[Event "Belp op"]
[Site "Belp"]
[Date "2015.05.23"]
[Round "2"]
[White "Lambelet, Denise"]
[Black "Spalinger, Pascal"]
[Result "0-1"]
[WhiteElo "1260"]
[BlackElo "1671"]
[PlyCount "60"]
[EventDate "2015.05.23"]
[EventType "swiss"]
[EventRounds "5"]
[EventCountry "SUI"]
[SourceTitle "EXT 2016"]
[Source "ChessBase"]
[SourceDate "2015.10.08"]
[SourceVersion "1"]
[SourceVersionDate "2015.10.08"]
[SourceQuality "1"]

1. e4 e5 2. Nf3 Nc6 3. Bc4 Bc5 4. 0-0 Nf6 5. Nc3 h6 6. h3 d6 7. d3 0-0 8. a3 a6 9. b4 Ba7 10. Bb2 Be6 11. Bxe6 fxe6 12. Bc1 Nd4 13. Re1 Nxf3+ 14. Qxf3 Nd5 15. Qg3 Bxf2+ 16. Qxf2 Rxf2 17. Kxf2 Nxc3 18. Kg1 Qe7 19. Bd2 Nb5 20. Rf1 Rf8 21. Rfe1 Nd4 22. Rac1 Qh4 23. Re3 Qf2+ 24. Kh2 Qxd2 25. Ree1 Nf3+ 26. Kg3 Qf4+ 27. Kf2 Nxe1+ 28. Kxe1 Qxc1+ 29. Ke2 Rf1 30. c4 Qe1# 0-1

[Event "Belp op"]
[Site "Belp"]
[Date "2015.05.23"]
[Round "1"]
[White "Spalinger, Pascal"]
[Black "Duruz, Noe"]
[Result "0-1"]
[WhiteElo "1671"]
[BlackElo "2039"]
[PlyCount "78"]
[EventDate "2015.05.23"]
[EventType "swiss"]
[EventRounds "5"]
[EventCountry "SUI"]
[SourceTitle "EXT 2016"]
[Source "ChessBase"]
[SourceDate "2015.10.08"]
[SourceVersion "1"]
[SourceVersionDate "2015.10.08"]
[SourceQuality "1"]

1. e4 c5 2. Nf3 d6 3. Bb5+ Bd7 4. Bxd7+ Qxd7 5. 0-0 g6 6. d4 cxd4 7. Nxd4 Nf6 8. Nc3 Bg7 9. h3 0-0 10. Be3 Nc6 11. Qd2 Ne5 12. b3 Rac8 13. f3 a6 14. Rac1 b5 15. Nce2 d5 16. exd5 Nxd5 17. Bh6 Rfd8 18. Bxg7 Kxg7 19. f4 Nc6 20. c4 bxc4 21. Rxc4 Nf6 22. Rd1 Qa7 23. Kh1 Ne4 24. Qe3 Nxd4 25. Nxd4 Rxc4 26. bxc4 Ng3+ 27. Kh2 Nf1+ 28. Rxf1 Rxd4 29. Rd1 Rd7 30. Qxa7 Rxa7 31. Kg3 Rc7 32. Rc1 Kf6 33. Kf3 Ke6 34. g4 Kd6 35. Ke3 Kc5 36. a3 Rb7 37. Rc3 Rb1 38. Kd3 Rd1+ 39. Ke2 Rd4 0-1